[Event "Budapest zt 1.4"]
[Site "Budapest"]
[Date "2000.06.23"]
[Round "7"]
[White "Meduna, Eduard"]
[Black "Vajda, Levente"]
[Result "0-1"]
[WhiteElo "2495"]
[BlackElo "2459"]
[EventDate "2000.06.17"]
[PlyCount "49"]

1.d4 Nf6 2.Nf3 g6 3.Nbd2 Bg7 4.e4 d6 5.Bd3 O-O 6.O-O Nfd7 7.c3 Nc6 8.Nc4 
e5 9.Bg5 f6 10.Bd2 Kh8 11.Re1 Nb6 12.b4 exd4 13.Nxd4 Nxd4 14.cxd4 f5 15.e5
dxe5 16.Nxe5 Qxd4 17.Rc1 Qd6 18.Bf4 Qxb4 19.Qf3 Bd7 20.a3 Qxa3 21.Qh3 Be8 
22.Rxc7 Qb4 23.Nf3 Qxf4 24.Ree7 Nd7 25.Qg3 0-1

[Event "Budapest zt 1.4"]
[Site "Budapest"]
[Date "2000.06.23"]
[Round "7"]
[White "Nevednichy, Vladislav"]
[Black "Macieja, Bartlomiej"]
[Result "1/2-1/2"]
[WhiteElo "2589"]
[BlackElo "2538"]
[EventDate "2000.06.17"]
[PlyCount "60"]

1.e4 c5 2.Nf3 e6 3.c4 Nc6 4.Nc3 e5 5.d3 d6 6.a3 a5 7.g3 g6 8.Bg2 Bg7 9.O-O
Nge7 10.Rb1 O-O 11.Bd2 Bd7 12.Nb5 Na7 13.a4 Nxb5 14.axb5 Qc8 15.Ne1 Bh3 
16.Qe2 b6 17.Bc3 Qd7 18.Bxh3 Qxh3 19.Ng2 Rae8 20.f4 Qd7 21.Rbe1 f5 22.Ne3 
exf4 23.Bxg7 Kxg7 24.Rxf4 g5 25.Rff1 f4 26.gxf4 gxf4 27.Ng2 Ng6 28.Rf2 Re7
29.Ref1 Ref7 30.Qh5 Qe6 1/2-1/2

[Event "Budapest zt 1.4"]
[Site "Budapest"]
[Date "2000.06.23"]
[Round "7"]
[White "Pinter, Jozsef"]
[Black "Chernin, Alexander"]
[Result "1/2-1/2"]
[WhiteElo "2553"]
[BlackElo "2583"]
[EventDate "2000.06.17"]
[PlyCount "91"]

1.d4 Nf6 2.c4 c5 3.e3 g6 4.Nc3 Bg7 5.Nf3 O-O 6.d5 d6 7.Be2 e6 8.O-O Re8 9.
Re1 Na6 10.dxe6 Bxe6 11.e4 Qb6 12.Rb1 Bd7 13.Bd3 Nc7 14.h3 Ne6 15.Be3 a5 
16.Bf1 Rad8 17.a3 Bc6 18.Nd5 Qa7 19.Bd3 a4 20.Qd2 Nd7 21.Rbd1 Ne5 22.Be2 
Nxf3+ 23.Bxf3 Bxd5 24.exd5 Nd4 25.Bg5 Nxf3+ 26.gxf3 Rc8 27.Qc2 Qa6 28.b3 
b5 29.cxb5 Qxb5 30.bxa4 Qa6 31.Qb3 Rxe1+ 32.Rxe1 c4 33.Qb5 Qa8 34.Re4 c3 
35.Rc4 Rb8 36.Qc6 Be5 37.f4 Bg7 38.Be7 Qxc6 39.Rxc6 Bf8 40.Bf6 Bg7 41.Bxg7
Kxg7 42.a5 Ra8 43.a6 c2 44.Kg2 Rxa6 45.Rxc2 Ra5 46.Rc6 1/2-1/2

[Event "Budapest zt 1.4"]
[Site "Budapest"]
[Date "2000.06.23"]
[Round "7"]
[White "Socko, Bartosz"]
[Black "Markowski, Tomasz"]
[Result "1/2-1/2"]
[WhiteElo "2556"]
[BlackElo "2531"]
[EventDate "2000.06.17"]
[PlyCount "82"]

1.e4 c5 2.Nf3 g6 3.d4 Bg7 4.d5 Nf6 5.Nc3 d6 6.Bc4 O-O 7.O-O Na6 8.Re1 Nc7 
9.a4 e5 10.dxe6 Bxe6 11.Bxe6 Nxe6 12.Qd3 Qd7 13.Nd5 Nxd5 14.exd5 Nd4 15.
Nxd4 Bxd4 16.c3 Rfe8 17.Bf4 Bg7 18.Qb5 Re7 19.Kf1 a6 20.Qxd7 Rxd7 21.Re4 
Bf6 22.Rae1 Kg7 23.g4 h6 24.Re8 Rdd8 25.Rxd8 Rxd8 26.c4 b5 27.axb5 axb5 
28.b3 bxc4 29.bxc4 Bg5 30.Bg3 Rd7 31.Ra1 Be7 32.Ra6 Rb7 33.Ke2 Rb4 34.Kd3 
Rb3+ 35.Kd2 Rb4 36.Kc3 Bf6+ 37.Kd3 Rb3+ 38.Ke2 Rb2+ 39.Kd3 Rb3+ 40.Kd2 
Rb2+ 41.Kd3 Rb3+ 1/2-1/2

[Event "Budapest zt 1.4"]
[Site "Budapest"]
[Date "2000.06.24"]
[Round "8"]
[White "Blehm, Pawel"]
[Black "Mrva, Martin"]
[Result "1-0"]
[WhiteElo "2494"]
[BlackElo "2426"]
[EventDate "2000.06.17"]
[PlyCount "51"]

1.e4 c5 2.Nf3 Nc6 3.d4 cxd4 4.Nxd4 Nf6 5.Nc3 e5 6.Ndb5 d6 7.Bg5 a6 8.Na3 
b5 9.Nd5 Be7 10.Bxf6 Bxf6 11.c3 Ne7 12.Nxf6+ gxf6 13.g3 f5 14.Bg2 Bb7 15.
Qe2 Qb6 16.O-O-O Rc8 17.f4 exf4 18.exf5 Bxg2 19.Qxg2 b4 20.Nc2 bxc3 21.b3 
Qa5 22.Kb1 O-O 23.gxf4+ Kh8 24.Rhe1 Rg8 25.Qe4 Rc7 26.Qd4+ 1-0

[Event "Budapest zt 1.4"]
[Site "Budapest"]
[Date "2000.06.24"]
[Round "8"]
[White "Chernin, Alexander"]
[Black "Macieja, Bartlomiej"]
[Result "1/2-1/2"]
[WhiteElo "2583"]
[BlackElo "2538"]
[EventDate "2000.06.17"]
[PlyCount "37"]

1.c4 c5 2.Nf3 Nc6 3.g3 g6 4.Bg2 Bg7 5.Nc3 e6 6.d4 Nxd4 7.Nxd4 cxd4 8.Ne4 
d5 9.cxd5 exd5 10.Qa4+ Kf8 11.Qa3+ Qe7 12.Nd6 d3 13.O-O Be5 14.Nb5 Qxa3 
15.Nxa3 Kg7 16.exd3 Nf6 17.Nb5 a6 18.d4 Bb8 19.Nc3 1/2-1/2

[Event "Budapest zt 1.4"]
[Site "Budapest"]
[Date "2000.06.24"]
[Round "8"]
[White "Jaracz, Pawel"]
[Black "Ionescu, Constantin"]
[Result "1/2-1/2"]
[WhiteElo "2490"]
[BlackElo "2446"]
[EventDate "2000.06.17"]
[PlyCount "31"]

1.d4 Nf6 2.c4 e6 3.Nc3 Bb4 4.Qc2 c5 5.dxc5 O-O 6.a3 Bxc5 7.Nf3 b6 8.Bf4 
Bb7 9.Rd1 Nc6 10.e3 Rc8 11.Be2 Be7 12.O-O a6 13.e4 Na5 14.Nd2 d6 15.Qb1 
Nc6 16.Nb3 1/2-1/2

[Event "Budapest zt 1.4"]
[Site "Budapest"]
[Date "2000.06.24"]
[Round "8"]
[White "Konopka, Michal"]
[Black "Badea, Bela"]
[Result "1-0"]
[WhiteElo "2442"]
[BlackElo "2486"]
[EventDate "2000.06.17"]
[PlyCount "101"]

1.Nf3 g6 2.d4 Bg7 3.g3 d6 4.Bg2 e5 5.dxe5 dxe5 6.Qxd8+ Kxd8 7.Nc3 f6 8.Be3
Nd7 9.O-O-O Bh6 10.Bh3 Bxe3+ 11.fxe3 c6 12.Ne4 Ke7 13.Nd6 Nb6 14.Nxc8+ 
Rxc8 15.Bxc8 Nxc8 16.e4 Nh6 17.Rd3 Nd6 18.Rhd1 Nhf7 19.Nd2 Rc8 20.h4 h5 
21.b3 Rc7 22.Rf1 Ne8 23.a4 Nd8 24.g4 hxg4 25.Rg3 Ne6 26.Rxg4 Nf8 27.Nc4 
Ng7 28.a5 Nh5 29.e3 Ng7 30.Kb2 Nge6 31.Rh1 Ng7 32.c3 Nh5 33.Rd1 Ng7 34.Rg2
Nh5 35.b4 Ng7 36.Kc2 Nh5 37.Kb3 Ng7 38.Rgd2 Nfe6 39.Rg1 Nf8 40.Nd6 Ne8 41.
Nxe8 Kxe8 42.Rgd1 Ne6 43.Rf1 Rf7 44.a6 b6 45.Rd6 Ke7 46.Rxc6 g5 47.hxg5 
fxg5 48.Rxf7+ Kxf7 49.Kc2 Ke7 50.Rxe6+ Kxe6 51.c4 1-0

[Event "Budapest zt 1.4"]
[Site "Budapest"]
[Date "2000.06.24"]
[Round "8"]
[White "Manik, Mikulas"]
[Black "Delchev, Aleksander"]
[Result "1/2-1/2"]
[WhiteElo "2469"]
[BlackElo "2560"]
[EventDate "2000.06.17"]
[PlyCount "44"]

1.e4 c5 2.Nf3 g6 3.d4 cxd4 4.Nxd4 Bg7 5.c4 Nf6 6.Nc3 Nc6 7.Be3 O-O 8.Be2 
b6 9.O-O Bb7 10.f4 Bh6 11.Nc2 d6 12.Qd3 Rc8 13.Rad1 Na5 14.b3 b5 15.Nxb5 
Bxe4 16.Qd2 a6 17.Nc3 Nc6 18.Nxe4 Nxe4 19.Qd3 Nc5 20.Qd2 Ne4 21.Qd3 Nc5 
22.Qd2 Ne4 1/2-1/2

[Event "Budapest zt 1.4"]
[Site "Budapest"]
[Date "2000.06.24"]
[Round "8"]
[White "Spasov, Vasil"]
[Black "Grigore, George Gabriel"]
[Result "1-0"]
[WhiteElo "2590"]
[BlackElo "2521"]
[EventDate "2000.06.17"]
[PlyCount "93"]

1.e4 c5 2.Nf3 Nc6 3.Bb5 g6 4.Bxc6 dxc6 5.d3 Bg7 6.h3 Nf6 7.Nc3 Nd7 8.Be3 
e5 9.Qd2 h6 10.O-O Qe7 11.a3 b6 12.Ne2 Bb7 13.b4 Rd8 14.Ng3 Ba6 15.Rfd1 
Bc8 16.Rab1 Kf8 17.bxc5 Nxc5 18.d4 Kg8 19.Qc3 exd4 20.Bxd4 Bxd4 21.Nxd4 
Bd7 22.f4 Kh7 23.e5 f5 24.Kh2 Na4 25.Qf3 c5 26.Nc6 Bxc6 27.Qxc6 Nc3 28.Rd6
Rc8 29.Rd7 Rxc6 30.Rxe7+ Kg8 31.Rb3 Nd5 32.Rxa7 Rh7 33.Ra8+ Kf7 34.Ne2 g5 
35.Rd3 Ke6 36.g3 Rg7 37.Re8+ Kf7 38.Rd8 Ne7 39.Nc3 gxf4 40.gxf4 Rcg6 41.
Rd2 Rg3 42.R8d3 Rg1 43.Rd7 Rc1 44.Nd5 Ke6 45.Nc7+ Kf7 46.e6+ Kg8 47.Ne8 
1-0

[Event "Budapest zt 1.4"]
[Site "Budapest"]
[Date "2000.06.25"]
[Round "9"]
[White "Acs, Peter"]
[Black "Chernin, Alexander"]
[Result "0-1"]
[WhiteElo "2542"]
[BlackElo "2583"]
[EventDate "2000.06.17"]
[PlyCount "80"]

1.e4 d6 2.d4 Nf6 3.Nc3 g6 4.f4 Bg7 5.Nf3 c5 6.Bb5+ Bd7 7.e5 Ng4 8.Bxd7+ 
Qxd7 9.d5 dxe5 10.h3 e4 11.Nxe4 Nf6 12.Nxf6+ Bxf6 13.O-O O-O 14.c4 e6 15.
Ne5 Qd6 16.Be3 exd5 17.cxd5 Rd8 18.Ng4 Bg7 19.Qb3 h5 20.Ne5 Nd7 21.Rad1 
Nxe5 22.fxe5 Qxe5 23.Bxc5 Qxb2 24.Qf3 Rd7 25.Rf2 Qc3 26.Qxc3 Bxc3 27.Re2 
b6 28.Ba3 Rad8 29.d6 f6 30.g4 Be5 31.Kg2 Kf7 32.Rf1 Bxd6 33.Bb2 Be7 34.
Bxf6 Bxf6 35.g5 Rd6 36.Ref2 Rd2 37.Rxd2 Rxd2+ 38.Kg3 Rd3+ 39.Kg2 Rd6 40.
gxf6 Rd2+ 0-1

[Event "Budapest zt 1.4"]
[Site "Budapest"]
[Date "2000.06.25"]
[Round "9"]
[White "Bratanov, Zsivko"]
[Black "Polak, Tomas"]
[Result "1/2-1/2"]
[WhiteElo "2332"]
[BlackElo "2503"]
[EventDate "2000.06.17"]
[PlyCount "22"]

1.d4 Nf6 2.c4 e6 3.Nc3 d5 4.Nf3 Be7 5.Bg5 h6 6.Bxf6 Bxf6 7.e3 O-O 8.Rc1 c6
9.Bd3 Nd7 10.O-O dxc4 11.Bxc4 e5 1/2-1/2

[Event "Budapest zt 1.4"]
[Site "Budapest"]
[Date "2000.06.25"]
[Round "9"]
[White "Horvath, Csaba"]
[Black "Horvath, Jozsef"]
[Result "1/2-1/2"]
[WhiteElo "2519"]
[BlackElo "2557"]
[EventDate "2000.06.17"]
[PlyCount "32"]

1.Nf3 g6 2.d4 Nf6 3.Nbd2 Bg7 4.e4 d6 5.c3 O-O 6.Be2 Nc6 7.O-O e5 8.dxe5 
dxe5 9.b4 Qe7 10.b5 Nd8 11.a4 Ne6 12.Ba3 Nc5 13.Nb3 b6 14.Nxc5 bxc5 15.Nd2
Rd8 16.Qc2 Bb7 1/2-1/2

[Event "Budapest zt 1.4"]
[Site "Budapest"]
[Date "2000.06.25"]
[Round "9"]
[White "Ionescu, Constantin"]
[Black "Balogh, Tomas"]
[Result "1/2-1/2"]
[WhiteElo "2446"]
[BlackElo "2433"]
[EventDate "2000.06.17"]
[PlyCount "22"]

1.d4 Nf6 2.c4 g6 3.Nc3 Bg7 4.e4 d6 5.Bd3 O-O 6.Nge2 e5 7.d5 c6 8.O-O cxd5 
9.cxd5 Na6 10.Be3 Nc5 11.Bc2 a5 1/2-1/2

[Event "Budapest zt 1.4"]
[Site "Budapest"]
[Date "2000.06.25"]
[Round "9"]
[White "Janev, Evgeni"]
[Black "Varga, Zoltan"]
[Result "1-0"]
[WhiteElo "2339"]
[BlackElo "2530"]
[EventDate "2000.06.17"]
[PlyCount "63"]

1.e4 c5 2.Nf3 e6 3.d4 cxd4 4.Nxd4 a6 5.Bd3 Nf6 6.O-O d6 7.c4 Be7 8.Nc3 O-O
9.Be3 b6 10.Na4 Bb7 11.f3 Nbd7 12.Rc1 d5 13.cxd5 exd5 14.Nf5 dxe4 15.fxe4 
b5 16.Nc3 Bc5 17.Qd2 Ng4 18.Bxc5 Nxc5 19.Qf4 Nxd3 20.Qxg4 g6 21.Rc2 Kh8 
22.Nh6 Qd4+ 23.Kh1 b4 24.Nxf7+ Rxf7 25.Rxf7 Ne5 26.Nb5 axb5 27.Rxh7+ Kg8 
28.Qe6+ Kxh7 29.Rc7+ Kh6 30.Qh3+ Kg5 31.Qg3+ Kf6 32.Qh4+ 1-0

[Event "Budapest zt 1.4"]
[Site "Budapest"]
[Date "2000.06.25"]
[Round "9"]
[White "Macieja, Bartlomiej"]
[Black "Hracek, Zbynek"]
[Result "1-0"]
[WhiteElo "2538"]
[BlackElo "2620"]
[EventDate "2000.06.17"]
[PlyCount "80"]

1.e4 c5 2.Nc3 e6 3.Nf3 d6 4.d4 cxd4 5.Nxd4 a6 6.Bd3 Nf6 7.O-O Nbd7 8.Be3 
Qc7 9.f4 b5 10.a3 Bb7 11.Qf3 Be7 12.Rae1 Nc5 13.Bf2 O-O 14.Qh3 g6 15.Nf3 
Nh5 16.Be3 f5 17.exf5 Nxd3 18.cxd3 exf5 19.Ng5 Bxg5 20.fxg5 Rae8 21.Qh4 
Re6 22.Bd2 Rfe8 23.Rxe6 Rxe6 24.Qf2 Qc6 25.Rc1 Qe8 26.Qa7 Re7 27.Qd4 Re6 
28.g4 Re2 29.Nxe2 Qxe2 30.Qf2 Qxg4+ 31.Kf1 f4 32.Qe2 Qd7 33.Kf2 Ng7 34.
Bxf4 Qf5 35.Qe3 Ne6 36.Kg3 h5 37.gxh6 g5 38.Bxd6 Qd5 39.h7+ Kf7 40.Rf1+ 
Nf4 1-0

[Event "Budapest zt 1.4"]
[Site "Budapest"]
[Date "2000.06.25"]
[Round "9"]
[White "Markowski, Tomasz"]
[Black "Manik, Mikulas"]
[Result "1-0"]
[WhiteElo "2531"]
[BlackElo "2469"]
[EventDate "2000.06.17"]
[PlyCount "81"]

1.g3 g6 2.Bg2 Bg7 3.e4 c5 4.d3 Nc6 5.f4 d6 6.Nf3 Bg4 7.h3 Bxf3 8.Qxf3 Nf6 
9.O-O Nd7 10.Nc3 O-O 11.Kh2 e6 12.Qd1 a6 13.Ne2 b5 14.a3 Nb6 15.c3 Rc8 16.
Be3 f5 17.Qc2 Re8 18.Bf2 c4 19.Rad1 cxd3 20.Qxd3 Nc4 21.Qb1 fxe4 22.Bxe4 
d5 23.Bg2 a5 24.Rfe1 Kh8 25.h4 b4 26.axb4 axb4 27.b3 Na3 28.Qa2 Qa5 29.Ra1
Ra8 30.Nd4 Nxd4 31.cxd4 Rac8 32.Rec1 Qb6 33.Qd2 Rxc1 34.Rxc1 Rb8 35.Bh3 
Qd6 36.Re1 Re8 37.Qe2 Qb6 38.f5 Bxd4 39.fxe6 Nb5 40.e7 Qf6 41.Qxb5 1-0

[Event "Budapest zt 1.4"]
[Site "Budapest"]
[Date "2000.06.25"]
[Round "9"]
[White "Meduna, Eduard"]
[Black "Konopka, Michal"]
[Result "0-1"]
[WhiteElo "2495"]
[BlackElo "2442"]
[EventDate "2000.06.17"]
[PlyCount "100"]

1.d4 Nf6 2.Nf3 g6 3.Bg5 Bg7 4.Nbd2 O-O 5.e3 d6 6.Bc4 b6 7.a4 a6 8.O-O Bb7 
9.Qe2 Nbd7 10.c3 e5 11.dxe5 dxe5 12.e4 h6 13.Bh4 Qe8 14.Rfd1 Nc5 15.Bxf6 
Bxf6 16.a5 b5 17.Bd5 c6 18.Ba2 Qe7 19.Ne1 Rad8 20.Nc2 Nd3 21.b4 c5 22.bxc5
Qxc5 23.Ne3 Nf4 24.Qf3 Qxc3 25.Bd5 Nxd5 26.exd5 Bg7 27.Ne4 Qb4 28.Rac1 
Qxa5 29.g4 Qb6 30.h4 Rc8 31.h5 Rxc1 32.Rxc1 Rc8 33.Rd1 Rd8 34.g5 hxg5 35.
hxg6 Qxg6 36.Nf5 Bf8 37.Ne3 Be7 38.Kf1 Bc8 39.d6 Bxd6 40.Nd5 g4 41.Qh1 Kg7
42.Ndf6 Be7 43.Rxd8 Bxd8 44.Ne8+ Kg8 45.N4f6+ Bxf6 46.Qa8 Qb1+ 47.Kg2 Bh4 
48.Qxc8 Qe4+ 49.Kh2 Qf4+ 50.Kh1 Qf3+ 0-1

[Event "Budapest zt 1.4"]
[Site "Budapest"]
[Date "2000.06.25"]
[Round "9"]
[White "Mrva, Martin"]
[Black "Nevednichy, Vladislav"]
[Result "0-1"]
[WhiteElo "2426"]
[BlackElo "2589"]
[EventDate "2000.06.17"]
[PlyCount "98"]

1.e4 c5 2.Nf3 d6 3.d4 cxd4 4.Nxd4 Nf6 5.Bd3 Nbd7 6.O-O a6 7.c4 e6 8.Nc3 b6
9.f4 Qc7 10.Nb3 Bb7 11.Qe2 Be7 12.Bd2 h5 13.Rae1 O-O-O 14.c5 Nxc5 15.Nxc5 
dxc5 16.Bxa6 Bxa6 17.Qxa6+ Qb7 18.Qe2 h4 19.Rf3 h3 20.Rxh3 Rxh3 21.gxh3 g6
22.Rf1 Qc6 23.Be1 Kb7 24.Bh4 c4 25.Rd1 Bc5+ 26.Kf1 Rxd1+ 27.Qxd1 Nh5 28.
Qd8 b5 29.Be7 Bb6 30.Qd6 Qxd6 31.Bxd6 Kc6 32.Be5 f6 33.Bb8 b4 34.Na4 Be3 
35.f5 gxf5 36.exf5 e5 37.Ke2 Bd4 38.Kd2 Ng7 39.h4 Nxf5 40.h5 Kb7 41.h6 
Be3+ 42.Kc2 Bxh6 43.Nc5+ Kxb8 44.Na6+ Kb7 45.Nxb4 Ne3+ 46.Kc3 Bf8 47.h4 f5
48.b3 f4 49.Nd3 cxd3 0-1

[Event "Budapest zt 1.4"]
[Site "Budapest"]
[Date "2000.06.25"]
[Round "9"]
[White "Spasov, Vasil"]
[Black "Socko, Bartosz"]
[Result "1/2-1/2"]
[WhiteElo "2590"]
[BlackElo "2556"]
[EventDate "2000.06.17"]
[PlyCount "78"]

1.e4 e5 2.Nf3 Nc6 3.Bc4 Nf6 4.d3 Bc5 5.c3 d6 6.Bb3 O-O 7.O-O a6 8.Nbd2 Ba7
9.Nc4 Ne7 10.Bg5 Ng6 11.Nh4 Kh8 12.Nxg6+ fxg6 13.Be3 b5 14.Nd2 c5 15.f3 
Bb6 16.Qe2 Nh5 17.Bd5 Rb8 18.a4 c4 19.Bxb6 Qxb6+ 20.Qf2 Qxf2+ 21.Kxf2 cxd3
22.axb5 axb5 23.Ra7 Nf4 24.Bb3 Be6 25.g3 Bxb3 26.gxf4 Bc4 27.fxe5 dxe5 28.
Ke3 g5 29.Rg1 h6 30.h4 Rf7 31.Rxf7 Bxf7 32.hxg5 Rd8 33.gxh6 gxh6 34.f4 
exf4+ 35.Kxf4 Kh7 36.Ke3 Bc4 37.Nf3 Re8 38.Nd2 Rd8 39.Nf3 Re8 1/2-1/2

[Event "Guatemala City zt 2.32"]
[Site "Guatemala City"]
[Date "2000.07.14"]
[Round "1"]
[White "Gonzalez Acosta, Bernal Manuel"]
[Black "Infante Meyer, Salvador"]
[Result "1-0"]
[WhiteElo "2428"]
[BlackElo "2225"]
[EventDate "2000.07.14"]
[PlyCount "123"]

1.f4 c5 2.Nf3 Nc6 3.g3 g6 4.Bg2 Bg7 5.d3 d5 6.O-O d4 7.e4 dxe3 8.c3 Bf5 9.
Ne1 Qd7 10.Bxe3 b6 11.Nd2 Bh3 12.Bxh3 Qxh3 13.Nc4 Nh6 14.Nf3 O-O 15.Qe2 
Rad8 16.a4 Qf5 17.Rad1 Ng4 18.Bc1 h5 19.h3 Nh6 20.Kh2 Qd5 21.Nfe5 Nxe5 22.
fxe5 Nf5 23.g4 hxg4 24.hxg4 Nh6 25.Kg3 f5 26.Bxh6 Bxh6 27.gxf5 Rxf5 28.
Rxf5 gxf5 29.Qh5 Qe6 30.Kf3 Kh7 31.Ne3 Qg6 32.Qh4 Rd7 33.d4 e6 34.d5 exd5 
35.Nxd5 Kg7 36.c4 Bg5 37.Qh2 Rd8 38.Rh1 Rg8 39.Qh3 Kf8 40.Rg1 Qe6 41.Qh5 
Qh6 42.Qxh6+ Bxh6 43.Rxg8+ Kxg8 44.Ne7+ Kf7 45.Nxf5 Bc1 46.b3 Ke6 47.Ke4 
Bb2 48.Ng7+ Kf7 49.Nh5 Bc1 50.Kd5 Bg5 51.Ng3 Ke7 52.Nf5+ Kd7 53.Nd6 Kc7 
54.Nb5+ Kb7 55.Ke6 Bf4 56.Nc3 Bg3 57.Nd5 Bh2 58.Kf5 Bg3 59.Kf6 Ka6 60.e6 
Ka5 61.Kf7 Bh4 62.Nf6 1-0

[Event "Guatemala City zt 2.32"]
[Site "Guatemala City"]
[Date "2000.07.14"]
[Round "1"]
[White "Leyva, Hector"]
[Black "Romero, Ariel"]
[Result "1-0"]
[WhiteElo "2409"]
[BlackElo "2150"]
[EventDate "2000.07.14"]
[PlyCount "83"]

1.d4 d5 2.c4 c6 3.Nc3 e5 4.e3 exd4 5.exd4 Nf6 6.Bd3 Be7 7.Nge2 dxc4 8.Bxc4
O-O 9.O-O Nbd7 10.Nf4 Nb6 11.Bb3 Bg4 12.f3 Bf5 13.g4 Bc8 14.Kh1 Bd6 15.Nd3
Nbd5 16.Nxd5 Nxd5 17.Bxd5 cxd5 18.Bf4 Bxf4 19.Nxf4 Qd6 20.Qd2 Bd7 21.Rfe1 
Rfe8 22.Kg2 Rac8 23.Nd3 Rxe1 24.Rxe1 Re8 25.Rxe8+ Bxe8 26.Qa5 h5 27.Qxa7 
hxg4 28.fxg4 Qg6 29.Nf2 Bc6 30.Qb8+ Kh7 31.Qf4 Qc2 32.Qf5+ Qxf5 33.gxf5 
Bd7 34.f6 g5 35.Nd3 Kg8 36.Ne5 Be6 37.Nf3 g4 38.Ng5 Bf5 39.Kg3 Kf8 40.Kf4 
Bg6 41.Kxg4 Bb1 42.a3 1-0

[Event "Guatemala City zt 2.32"]
[Site "Guatemala City"]
[Date "2000.07.14"]
[Round "1"]
[White "Lorenzana, Wilson Estuardo"]
[Black "Murillo Tsijli, Alexis"]
[Result "1/2-1/2"]
[WhiteElo "2138"]
[BlackElo "2393"]
[EventDate "2000.07.14"]
[PlyCount "111"]

1.e4 e6 2.d4 d5 3.Nc3 Bb4 4.e5 c5 5.a3 Bxc3+ 6.bxc3 Ne7 7.a4 b6 8.Nf3 Ba6 
9.Bb5+ Bxb5 10.axb5 a5 11.bxa6 Rxa6 12.Rxa6 Nxa6 13.Qe2 Nc7 14.O-O Qa8 15.
Bg5 Nc6 16.Rb1 Qa7 17.Qd1 h6 18.Ra1 Na5 19.Bd2 c4 20.Qb1 O-O 21.Bc1 Ra8 
22.Ra4 Qb7 23.h4 Nc6 24.Rxa8+ Nxa8 25.Ba3 Qa6 26.Bd6 Qa5 27.Qb2 Kh7 28.Kf1
Na7 29.Nd2 Nb5 30.Bb4 Qa4 31.Nb1 Nac7 32.Na3 Nxa3 33.Bxa3 Nb5 34.Bb4 Kg6 
35.Ke2 f6 36.f4 h5 37.Kf3 Na7 38.g4 Qe8 39.Qc1 hxg4+ 40.Kxg4 Qh8 41.Qg1 
Qh5+ 42.Kh3+ Kf7 43.Qg4 Qg6 44.Qxg6+ Kxg6 45.Kg4 fxe5 46.h5+ Kh7 47.fxe5 
Nc6 48.Ba3 Nd8 49.Be7 Nc6 50.Bd6 b5 51.Bc5 Nd8 52.Be7 Nf7 53.Bg5 Kg8 54.
Bc1 Kf8 55.Ba3+ Ke8 56.Bc1 1/2-1/2

[Event "Guatemala City zt 2.32"]
[Site "Guatemala City"]
[Date "2000.07.15"]
[Round "2"]
[White "Chavez, Ricardo Ernesto"]
[Black "Guillen Ramirez, Jose Antonio"]
[Result "0-1"]
[WhiteElo "2112"]
[BlackElo "2281"]
[EventDate "2000.07.14"]
[PlyCount "70"]

1.e4 c5 2.g3 d5 3.exd5 Qxd5 4.Nf3 Bg4 5.Bg2 Qe6+ 6.Kf1 Bh3 7.b4 cxb4 8.a3 
Nc6 9.Bb2 Nf6 10.axb4 Qc4+ 11.d3 Bxg2+ 12.Kxg2 Qxb4 13.Ba3 Qb6 14.Nc3 e6 
15.Rb1 Qc7 16.Bxf8 Kxf8 17.Qe2 g6 18.Ne4 Nxe4 19.Qxe4 Kg7 20.h4 h6 21.h5 
g5 22.Rb5 a6 23.Rc5 Rhd8 24.d4 Qd6 25.c3 Rac8 26.Rb1 b5 27.Ra1 Nb8 28.Rxc8
Rxc8 29.Qe3 Nd7 30.Re1 Qc6 31.Kg1 Qxc3 32.Qe2 Qc2 33.Qf1 Qc4 34.Qh3 b4 35.
Ne5 Nxe5 0-1

[Event "Guatemala City zt 2.32"]
[Site "Guatemala City"]
[Date "2000.07.15"]
[Round "2"]
[White "Izaba, Rodolfo"]
[Black "Leyva, Hector"]
[Result "0-1"]
[WhiteElo "2229"]
[BlackElo "2409"]
[EventDate "2000.07.14"]
[PlyCount "68"]

1.e4 c5 2.Nf3 d6 3.d4 cxd4 4.Nxd4 Nf6 5.Nc3 a6 6.Be2 e5 7.Nb3 Be7 8.Be3 
Be6 9.O-O Nbd7 10.f4 Rc8 11.f5 Bc4 12.Bxc4 Rxc4 13.Nd2 Rc8 14.a4 O-O 15.
Kh1 Qc7 16.Rf3 Qc6 17.Bg5 Rfe8 18.Bxf6 Nxf6 19.Rd3 b5 20.axb5 axb5 21.b4 
Ra8 22.Rxa8 Rxa8 23.Nd5 Nxd5 24.exd5 Qc8 25.Rf3 Bg5 26.h3 Ra2 27.Ne4 Rxc2 
28.Nxd6 Rc1 29.Nxc8 Rxd1+ 30.Kh2 e4 31.Rc3 h5 32.h4 Bd2 33.Rc6 e3 34.Nd6 
e2 0-1

[Event "Guatemala City zt 2.32"]
[Site "Guatemala City"]
[Date "2000.07.15"]
[Round "2"]
[White "Juarez Flores, Jorge Guillermo"]
[Black "Lorenzana, Wilson Estuardo"]
[Result "1/2-1/2"]
[WhiteElo "2251"]
[BlackElo "2138"]
[EventDate "2000.07.14"]
[PlyCount "45"]

1.e4 c5 2.Nf3 Nc6 3.d4 cxd4 4.Nxd4 Nf6 5.Nc3 d6 6.Be2 e6 7.O-O a6 8.Be3 
Qc7 9.f4 Be7 10.Nb3 b5 11.a3 Bb7 12.Bf3 O-O 13.Qe1 Kh8 14.Kh1 Rab8 15.Qg3 
b4 16.axb4 Nxb4 17.Nd4 Rfe8 18.Rae1 d5 19.e5 Ne4 20.Bxe4 dxe4 21.f5 exf5 
22.Nxf5 Bf8 23.Nd6 1/2-1/2

[Event "Guatemala City zt 2.32"]
[Site "Guatemala City"]
[Date "2000.07.15"]
[Round "2"]
[White "Reyes Najera, Carlos Antonio"]
[Black "Gonzalez Acosta, Bernal Manuel"]
[Result "0-1"]
[WhiteElo "2257"]
[BlackElo "2428"]
[EventDate "2000.07.14"]
[PlyCount "80"]

1.c4 g6 2.Nc3 Bg7 3.g3 c5 4.Bg2 Nc6 5.e4 e6 6.Nge2 Nge7 7.O-O O-O 8.d3 a6 
9.Be3 Nd4 10.Qd2 Re8 11.f4 d6 12.Bf2 Rb8 13.Nxd4 cxd4 14.Ne2 e5 15.Rac1 
Be6 16.Kh1 Qd7 17.Ng1 b5 18.b3 bxc4 19.dxc4 Nc6 20.Nf3 Bh3 21.fxe5 Bxg2+ 
22.Kxg2 dxe5 23.Ne1 Qg4 24.Qc2 Nb4 25.h3 Qd7 26.Qb1 a5 27.Nf3 Qc6 28.a3 
Na6 29.Rfe1 Qb7 30.b4 axb4 31.axb4 Qxb4 32.Qa2 Nc5 33.Rb1 Qa4 34.Qxa4 Nxa4
35.g4 Nc3 36.Rxb8 Rxb8 37.Bg3 Rb2+ 38.Kf1 d3 39.Ra1 Nxe4 40.Ra8+ Bf8 0-1

[Event "Guatemala City zt 2.32"]
[Site "Guatemala City"]
[Date "2000.07.16"]
[Round "3"]
[White "Guillen Ramirez, Jose Antonio"]
[Black "Infante Meyer, Salvador"]
[Result "1-0"]
[WhiteElo "2281"]
[BlackElo "2225"]
[EventDate "2000.07.14"]
[PlyCount "57"]

1.e4 c5 2.Nf3 d6 3.d4 cxd4 4.Nxd4 Nf6 5.Nc3 a6 6.f4 e6 7.Be2 Nbd7 8.Bf3 
Qc7 9.O-O Rb8 10.Be3 b5 11.Qe2 Bb7 12.Rad1 Be7 13.a3 O-O 14.g4 d5 15.exd5 
exd5 16.Nf5 Bxa3 17.bxa3 Qxc3 18.Bd4 Qc7 19.Nxg7 Kxg7 20.g5 Kg8 21.gxf6 
Kh8 22.Bg4 Rg8 23.Kh1 Rbe8 24.Qe7 Rxe7 25.fxe7+ f6 26.Rde1 Re8 27.Bh5 Rxe7
28.Rxe7 Qc4 29.Rg1 1-0

[Event "Guatemala City zt 2.32"]
[Site "Guatemala City"]
[Date "2000.07.16"]
[Round "3"]
[White "Juarez Flores, Carlos Armando"]
[Black "Izaba, Rodolfo"]
[Result "1-0"]
[WhiteElo "2392"]
[BlackElo "2229"]
[EventDate "2000.07.14"]
[PlyCount "61"]

1.e4 e5 2.Nf3 Nc6 3.Bc4 Be7 4.d4 d6 5.h3 Nf6 6.Nc3 O-O 7.O-O a6 8.a4 Bd7 
9.Re1 Qc8 10.Nd5 Bd8 11.dxe5 Nxe5 12.Nxe5 dxe5 13.Qf3 b5 14.Ba2 bxa4 15.
Bd2 Nxd5 16.exd5 Bf6 17.Bc3 Rb8 18.Qg3 Qd8 19.Rxe5 Rb6 20.Re2 Qb8 21.Bxf6 
Rxf6 22.c4 Rb6 23.Qa3 a5 24.Rae1 Rb4 25.Re7 Bf5 26.R1e2 Qb6 27.Qc3 h6 28.
c5 Qb5 29.d6 cxd6 30.cxd6 Qa6 31.Bxf7+ 1-0

[Event "Guatemala City zt 2.32"]
[Site "Guatemala City"]
[Date "2000.07.16"]
[Round "3"]
[White "Lacayo, Rene"]
[Black "Valdes, Leonardo"]
[Result "1/2-1/2"]
[WhiteElo "2245"]
[BlackElo "2308"]
[EventDate "2000.07.14"]
[PlyCount "48"]

1.d4 Nf6 2.c4 g6 3.Nc3 d5 4.Bf4 Bg7 5.e3 c5 6.dxc5 Qa5 7.Rc1 dxc4 8.Bxc4 
O-O 9.Qa4 Qxa4 10.Nxa4 Bd7 11.Nc3 Na6 12.Bxa6 bxa6 13.Be5 Rfc8 14.Bxf6 
Bxf6 15.Nd5 Bxb2 16.Rc2 Bf6 17.Nxf6+ exf6 18.Nf3 Bc6 19.O-O Bxf3 20.gxf3 
Rab8 21.Rd1 Rc6 22.Rd7 Rb5 23.Rxa7 a5 24.Rd2 Rcxc5 1/2-1/2

[Event "Guatemala City zt 2.32"]
[Site "Guatemala City"]
[Date "2000.07.16"]
[Round "3"]
[White "Lorenzana, Wilson Estuardo"]
[Black "Reyes Najera, Carlos Antonio"]
[Result "1-0"]
[WhiteElo "2138"]
[BlackElo "2257"]
[EventDate "2000.07.14"]
[PlyCount "71"]

1.e4 c5 2.Nf3 g6 3.d4 Bg7 4.Nc3 Qa5 5.Be2 Nc6 6.dxc5 Nf6 7.O-O O-O 8.h3 
Qxc5 9.Be3 Qb4 10.Qd3 d6 11.a3 Qa5 12.b4 Qd8 13.Rac1 Be6 14.Nd5 Nxd5 15.
exd5 Bf5 16.Qb3 Ne5 17.Nd4 Bc8 18.f4 Nd7 19.c4 Nf6 20.Bf3 e6 21.dxe6 fxe6 
22.Rfd1 a6 23.c5 d5 24.c6 b5 25.a4 Nh5 26.axb5 Nxf4 27.Bxf4 Rxf4 28.Ne2 
Rf8 29.c7 Qg5 30.b6 Kh8 31.Rf1 Bb7 32.Qd3 Rae8 33.Bg4 h5 34.Rxf8+ Rxf8 35.
Bxe6 Qe7 36.Qxg6 1-0

[Event "Guatemala City zt 2.32"]
[Site "Guatemala City"]
[Date "2000.07.17"]
[Round "4"]
[White "Batres, Francisco"]
[Black "Juarez Flores, Gustavo Enrique"]
[Result "1/2-1/2"]
[WhiteElo "2140"]
[BlackElo "2261"]
[EventDate "2000.07.14"]
[PlyCount "29"]

1.e4 d6 2.d4 Nf6 3.Nc3 g6 4.f4 Bg7 5.Nf3 O-O 6.Bd3 Bg4 7.O-O Nc6 8.e5 dxe5
9.dxe5 Nd5 10.h3 Bxf3 11.Qxf3 e6 12.Nxd5 exd5 13.c3 d4 14.Bd2 dxc3 15.Bxc3
1/2-1/2